LIBRARY & INFORMATION CENTRE, KCAET, TAVANUR

ONLINE PUBLIC ACCESS CATALOGUE (OPAC)

മതിലുകൾ (Record no. 673)

MARC details
000 -LEADER
fixed length control field 00437cam a2200157ua 4500
020 ## - INTERNATIONAL STANDARD BOOK NUMBER
ISBN 8171300162
020 ## - INTERNATIONAL STANDARD BOOK NUMBER
ISBN 9788171300167
082 ## - DEWEY DECIMAL CLASSIFICATION NUMBER
Classification number 894.812308
Item number MUH/MA
100 ## - MAIN ENTRY--AUTHOR NAME
Personal name ബഷീർ, വൈക്കം മുഹമ്മദ്‌
245 ## - TITLE STATEMENT
Title മതിലുകൾ
260 ## - PUBLICATION, DISTRIBUTION, ETC. (IMPRINT)
Place of publication Thrissur :
Name of publisher Current Books ,
Year of publication 1965.
300 ## - PHYSICAL DESCRIPTION
Number of Pages 64 ; .
650 ## - SUBJECT ADDED ENTRY--TOPICAL TERM
Topical Term Mathilukal /
700 ## - ADDED ENTRY--PERSONAL NAME
Personal name Basheer, Vaikom Muhammed
942 ## - ADDED ENTRY ELEMENTS (KOHA)
Koha item type Books
Holdings
Withdrawn status Lost status Damaged status Home library Current library Date acquired Cost, normal purchase price Full call number Accession Number Koha item type Public note
Withdrawn     KAUAET Central Prison Tavanur 07/04/2012 1.25 894.812308 7505 Books Transferred to Central Prison
free website counter